| 000 | 00887 a2200157 4500 | ||
|---|---|---|---|
| 003 | Nust | ||
| 005 | 20230227120850.0 | ||
| 040 | _cNust | ||
| 082 | _a266,SMI | ||
| 100 |
_aEdwin W. Smith _9109592 |
||
| 245 |
_aThe Mabilles of Basutoland / _cEdwin W. Smith |
||
| 260 |
_aLondon _bHodder and Stughton _c1939 |
||
| 300 | _a382 p.; | ||
| 505 | _aAdeles Huguenot Ancestry (Page-21), Naboths Vineyard (Page-35), Adeles Early Life 1840-1856 (Page-51), The Youth of Adolphe Mabille 1836-1859(Page-69) irst Year Together at Morija(Page- 91), Ardent and Sagacious Apostleship (Page-113), The War 1865-1868 (Page-141), An Interlude : Moshesh and Letsie (Page-181), In labours Abudant (Page-97), The Essential Mabille (Page-229), The Gun War Page-243), On Furlough ( Page -269), Reconstruction (Page-297), Adolphe Mabilles Last Years (Page-325), Ma Rona our Mother (Page-355). | ||
| 942 |
_2ddc _cBK |
||
| 999 |
_c193861 _d193861 |
||